| 000 | 01006nam a2200289 4500 | ||
|---|---|---|---|
| 001 | 17924 | ||
| 003 | BD-RjUL | ||
| 005 | 20211209000218.0 | ||
| 008 | 140219r1960 1931nyuc b 001 0 eng | ||
| 020 | _a0819602825 | ||
| 035 | _a(BD-RjUL)17982 | ||
| 040 |
_aDLC _cDLC _dBD-RjUL _beng |
||
| 041 | _aeng | ||
| 082 | 0 | 0 |
_a821.91209 _bHUI 1960 |
| 100 | 1 |
_aHughes, Glenn, _d1894-1964. _955298 |
|
| 245 | 1 | 0 |
_aImagism & the imagists; _ba study in modern poetry. _c Glenn Hughes. |
| 260 |
_aNew York : _bBiblo and Tannen, _c1960. |
||
| 300 |
_axiii, 283 p. : _bports. ; _c24 cm. |
||
| 500 | _aReprint of the 1931 ed. published by Stanford University Press, Stanford, Calif. | ||
| 504 | _aBibliography: p. 253-267. | ||
| 650 | 0 |
_aEnglish poetry _y20th century _xHistory and criticism. _953041 |
|
| 650 | 0 |
_aAmerican poetry _y20th century _xHistory and criticism. _951744 |
|
| 650 | 0 |
_aImagist poetry _xHistory and criticism. _955299 |
|
| 942 |
_2ddc _cBK |
||
| 999 |
_c17924 _d17924 |
||